The Script Charting Songs (Billboard Hot 100) - Statistics

General Stats
  • This quiz has been taken 24 times
  • The average score is 4 of 6
Answer Stats
Album Weeks On Peak Artist(s) Song % Correct
#3 25 Weeks #25 The Script ft. will.i.am Hall of Fame
100%
The Script 43 Weeks #12 The Script Breakeven
79%
No Sound Without Silence 9 Weeks #73 The Script Superheroes
71%
The Script 6 Weeks #86 The Script The Man Who Can't Be Moved
57%
Science & Faith 20 Weeks #32 The Script Nothing
50%
Science & Faith 29 Weeks #23 The Script For the First Time
43%
No matching quizzes found
Score Distribution
Percent of People with Each Score
Percentile by Number Answered
Your Score History
You have not taken this quiz